• 首页
  • 本馆介绍
  • 公告通知
  • 最新文献
  • 馆藏检索
  • 电子资源
  • 读者导购
  • 参考咨询
  • 我的图书馆
  • 登录
  • 详细信息显示
  • 放入我的书架
  • 预约/预借图书
  • 作者相关作品
  • 分类相关作品
  • 丛书相关作品
  • 出版社相关作品

书目信息

  • 表格格式
  • 工作单格式
  • 卡片格式
题名:
河北方言词汇编上
    
 
作者: 李行健
分册:  
出版信息: 秦皇岛市   燕山大学出版社  2021
页数: 424
开本: 29
丛书名: 燕赵文库
单 册:
中图分类: H172.1
科图分类:
主题词: 汉语方言
电子资源:
ISBN: 978-7-81142-361-7
000 00641nam0 2200217 450
001 202312143191250680
005 20231218093949.13
010    @a978-7-81142-361-7@dCNY189.00
100    @a20231214d km y0chiy0120 ea
101 0  @achi
200 1  @a河北方言词汇编上@AHe Bei Fang Yan Ci Hui Bian Shang@f李行健@FLi Xing Jian
205    @a2021.50
210    @a秦皇岛市@c燕山大学出版社@d2021
215    @a424@d29
225 2  @a燕赵文库
410  0 @12001 @a燕赵文库
606 0  @a汉语方言
690    @aH172.1@v4
701  0 @a李行健@ALi Xing Jian
801  0 @aCN@b大连网信软件有限公司图书馆·11@c20231218
905    @aZUCC@b1053461@dH172.1@e110:1
    
    河北方言词汇编上/李行健.-2021.50.-秦皇岛市:燕山大学出版社,2021
    424;29.-(燕赵文库)
    
    
    ISBN 978-7-81142-361-7:CNY189.00
    
●
相关链接 在E读中查询图书 在五车中查询图书 在当当中查询图书 在豆瓣中查询图书


正题名:河北方言词汇编上     索取号:H172.1/110:1         预约/预借

序号 登录号 条形码 馆藏地/架位号 状态 备注
1 1053460   210534607   第一样本阅览室/ [索取号:H172.1/110:1] 在馆    
2 1053461   210534616   第四借阅区/ [索取号:H172.1/110:1] 在馆    
3 1053464   210534643   第四借阅区/ [索取号:H172.1/110:1] 在馆    
4 1053466   210534661   第四借阅区/ [索取号:H172.1/110:1] 在馆    
5 1053468   210534689   第四借阅区/ [索取号:H172.1/110:1] 在馆    
6 1053470   210534705   第四借阅区/ [索取号:H172.1/110:1] 在馆    
7 1053472   210534723   第四借阅区/ [索取号:H172.1/110:1] 在馆    
8 1053474   210534741   第四借阅区/ [索取号:H172.1/110:1] 在馆    
9 1053476   210534769   第四借阅区/ [索取号:H172.1/110:1] 在馆    
10 1053478   210534787   第四借阅区/ [索取号:H172.1/110:1] 在馆    
11 1053480   210534803   第四借阅区/ [索取号:H172.1/110:1] 在馆    
12 1053483   210534830   第四借阅区/ [索取号:H172.1/110:1] 在馆    
13 1053485   210534858   第四借阅区/ [索取号:H172.1/110:1] 在馆    
唐山师范学院图书馆 欢迎您!
大连网信软件有限公司© 版权所有